| 000 | 00508nam a2200205Ia 4500 | ||
|---|---|---|---|
| 001 | 37843 | ||
| 008 | 140422s9999 xx 000 0 und d | ||
| 020 | _a9971514311 | ||
| 040 | _cPK-LaUMT | ||
| 082 |
_a 515 _bANT-C |
||
| 100 | _aAnton, Howard | ||
| 245 |
_aCalculus [+CD] _cAnton, Howard<>Bivens, Irl<>Davis, Stephen |
||
| 250 | _a7th | ||
| 260 |
_aNew York,USA: _bJohn Wiley & Sons, _c2005 |
||
| 300 | _a1166 p. | ||
| 546 | _aEN | ||
| 700 | _aBivens, Irl | ||
| 700 | _aDavis, Stephen | ||
| 942 | _cBK | ||
| 999 |
_c37291 _d37291 |
||